|
|
|
|
| LEADER |
00000cam a2200000 7i4500 |
| 001 |
0000012306 |
| 005 |
20230125151644.0 |
| 008 |
071212 |
| 020 |
|
|
|a 9833710085
|
| 090 |
0 |
0 |
|a 153
|b LAR
|
| 100 |
1 |
|
|a Larson, Christian D
|
| 245 |
1 |
0 |
|a Brains and how to get them
|c Christian D. Larson
|
| 260 |
|
|
|a Selangor :
|b Masterpiece Publication ,
|c 2006
|
| 650 |
|
0 |
|a Brain
|
| 650 |
|
0 |
|a Cognitive neuroscience
|
| 650 |
|
0 |
|a English fiction
|
| 650 |
|
0 |
|a Thought and thinking
|
| 710 |
0 |
|
|a Title
|
| 999 |
|
|
|a 0001003471
|b Book
|c Adult Collection
|e Perbadanan Perpustakaan Awam Johor
|
| 999 |
|
|
|a 0001003472
|b Book
|c Adult Collection
|e Cawangan Bandar Penawar
|
| 999 |
|
|
|a 0001003838
|b Book
|c Adult Collection
|e Cawangan Kota Tinggi
|